| 000 -LEADER | |
|---|---|
| fixed length control field | 00392nam a22001697a 4500 |
| 005 - DATE AND TIME OF LATEST TRANSACTION | |
| control field | 20180625114121.0 |
| 008 - FIXED-LENGTH DATA ELEMENTS--GENERAL INFORMATION | |
| fixed length control field | 160618b xxu||||| |||| 00| 0 eng d |
| 020 ## - INTERNATIONAL STANDARD BOOK NUMBER | |
| ISBN | 978-0-07-065690-2 |
| 041 ## - LANGUAGE CODE | |
| Language code of text/sound track or separate title | eng |
| 082 ## - DEWEY DECIMAL CLASSIFICATION NUMBER | |
| Item number | 8143 |
| Classification number | 658 |
| 100 ## - MAIN ENTRY--AUTHOR NAME | |
| Personal name | Leon, Alexis |
| 245 ## - TITLE STATEMENT | |
| Title | Enterprise resource planning |
| 260 ## - PUBLICATION, DISTRIBUTION, ETC. (IMPRINT) | |
| Name of publisher | TMH |
| Year of publication | 2010 |
| 300 ## - PHYSICAL DESCRIPTION | |
| Number of Pages | 281 |
| 650 ## - SUBJECT ADDED ENTRY--TOPICAL TERM | |
| Topical Term | Management |
| 942 ## - ADDED ENTRY ELEMENTS (KOHA) | |
| Koha item type | Books |
| Lost status | Damaged status | Collection code | Home library | Current library | Shelving location | Date acquired | Full call number | Accession Number | Koha item type |
|---|---|---|---|---|---|---|---|---|---|
| MANAGEMENT | JRU Library | JRU Library | SHELF- 68 K | 18/06/2016 | 658 | 8143 | Books | ||
| MANAGEMENT | JRU Library | JRU Library | SHELF- 68 K | 18/06/2016 | 658 | 8144 | Books | ||
| JRU Library | SHELF-17-B | 18/06/2016 | 658 | 8145 | Books |